| 000 | 01619cam a22003854a 4500 | ||
|---|---|---|---|
| 001 | 13053043 | ||
| 003 | NUST | ||
| 005 | 20220723152630.0 | ||
| 008 | 030109s2003 caub b 001 0 eng | ||
| 010 | _a 2003000526 | ||
| 020 | _a080474811X (cloth : alk. paper) | ||
| 020 | _a0804748330 (pbk. : alk. paper) | ||
| 038 | _aAzhar | ||
| 040 |
_aDLC _cDLC _dDLC |
||
| 042 | _apcc | ||
| 050 | 0 | 0 |
_aBP50 _b.S56 2003 |
| 082 | 0 | 0 |
_a297.09 _221 _bSIM |
| 100 | 1 |
_aSimons, Thomas W. _994644 |
|
| 245 | 1 | 0 |
_aIslam in a globalizing world _cThomas W. Simons, Jr. |
| 260 |
_aStanford, Calif. : _bStanford University Press, _c2003. |
||
| 300 |
_axi, 111 p. : _bmap ; _c21 cm. |
||
| 504 | _aIncludes bibliographical references (p. 71-104) and index. | ||
| 505 | 0 | _aThe first 1,000 years : Islam as globalizer -- Islam and globalization by blood and iron -- Comparative radicalisms, 1870-1970 -- Political and other Islams in IT-led globalization. | |
| 563 | _aPB | ||
| 650 | 0 |
_aIslam _xHistory. _96120 |
|
| 650 | 0 |
_aIslam and politics _xHistory. _994645 |
|
| 650 | 0 |
_aIslamic fundamentalism _xHistory. _910929 |
|
| 650 | 0 |
_aIslam _y21st century. _913163 |
|
| 650 | 0 |
_aGlobalization _xReligious aspects _xIslam. _910141 |
|
| 856 | 4 | 2 |
_3Contributor biographical information _uhttp://www.loc.gov/catdir/enhancements/fy0710/2003000526-b.html |
| 856 | 4 | 2 |
_3Publisher description _uhttp://www.loc.gov/catdir/enhancements/fy0710/2003000526-d.html |
| 906 |
_a7 _bcbc _corignew _d1 _eecip _f20 _gy-gencatlg |
||
| 942 |
_2ddc _cLC |
||
| 999 |
_c590527 _d590527 |
||